000 00796nam a2200193 a 4500
008 070508s2006 ||||||||||||||||| || u
050 _aIBRD(08)
100 _aPatrone, Fioravante
245 1 0 _aWater allocation strategies for the Kat basin in South Africa: comparing negotiation tools and game theory models
260 _aWashington, D. C.
_bWorld Bank
_c2006
300 _a28p.;ill.
350 _a0.00
490 _aWorld Bank policy research working papers
650 _aCOOPERATE GAME THEORY--RESEARCH
650 _aNEGORIATION APPROACHES--RESEARCH
700 _aDinar, Ariel
700 _aFarolfi, Stefano
995 _D0.00
_FCBU-MAIN LIBRARY (Kitwe)
_H1
_I0.00
_M1
_UAVAILABLE
_WMay 8, 2007
_ZInternational Publications
999 _c61457
_d61457